000
00316nam a22001217a 4500
008
211124b ||||| |||| 00| 0 eng d
020
_a
9789386446626
050
_a
172.2
_b
1
245
_a
Ethics,Integrity,and Aptitude in Governance
260
_a
New Delhi
_b
SAGE Publications
_c
2018
300
_a
1
942
_2
ddc
_c
BK
999
_c
11908
_d
11908